[Event "Cuiaba Contaud op"]
[Site "Cuiaba"]
[Date "2024.11.24"]
[Round "5"]
[White "Azevedo, Vinicius Aarestrup"]
[Black "Fagundes, Arthur Calgaro Berg"]
[Result "0-1"]
[WhiteElo "1800"]
[BlackElo "1779"]
[PlyCount "86"]
[EventDate "2024.11.22"]
[EventType "swiss"]
[EventRounds "6"]
[EventCountry "BRA"]
[SourceTitle "CB49_2024"]
[SourceDate "2024.12.04"]
[SourceVersion "1"]
[SourceVersionDate "2024.12.04"]
[SourceQuality "1"]

1. e4 e6 2. d4 d5 3. exd5 exd5 4. Be2 Nc6 5. Nf3 Be6 6. 0-0 Qd7 7. b3 0-0-0 8. c4 dxc4 9. Ne5 Nxe5 10. dxe5 Qxd1 11. Rxd1 Rxd1+ 12. Bxd1 Bc5 13. bxc4 Bd4 14. Nc3 Bxc3 15. Rb1 Ne7 16. Bf3 c6 17. Be3 Bxe5 18. Bxa7 Bxc4 19. a3 Rd8 20. Bb6 Rd7 21. g3 Bd4 22. Bxd4 Rxd4 23. Rb4 Nd5 24. Bxd5 cxd5 25. Kg2 Rd3 26. a4 Rb3 27. Rxb3 Bxb3 28. a5 d4 29. Kf3 Bc2 30. Ke2 Be4 31. f3 Bb1 32. h3 Kd7 33. Kd2 Kc6 34. f4 Kb5 35. Kc1 Ba2 36. Kc2 Bc4 37. g4 Kxa5 38. h4 h5 39. f5 g6 40. Kd2 b5 41. Kc2 b4 42. Kb2 d3 43. Kc1 b3 0-1

[Event "Cuiaba Contaud op"]
[Site "Cuiaba"]
[Date "2024.11.23"]
[Round "3"]
[White "Azevedo, Vinicius Aarestrup"]
[Black "Carmo, Jose Arlindo"]
[Result "0-1"]
[WhiteElo "1800"]
[BlackElo "1712"]
[PlyCount "101"]
[EventDate "2024.11.22"]
[EventType "swiss"]
[EventRounds "6"]
[EventCountry "BRA"]
[SourceTitle "CB49_2024"]
[SourceDate "2024.12.04"]
[SourceVersion "1"]
[SourceVersionDate "2024.12.04"]
[SourceQuality "1"]

1. e4 e5 2. Nf3 Nc6 3. Bc4 Be7 4. 0-0 Nf6 5. d3 d6 6. c3 Bg4 7. Nbd2 a6 8. a4 0-0 9. Re1 Qd7 10. Nf1 Nd8 11. Ng3 h6 12. h3 Be6 13. Bxe6 fxe6 14. Qb3 Nf7 15. Nh4 Kh7 16. Nf3 g5 17. Nh2 Nh8 18. Qd1 Ng6 19. Nh5 Nf4 20. Nxf4 exf4 21. d4 Rad8 22. e5 dxe5 23. Rxe5 Bd6 24. Qc2+ Kg7 25. Re2 Rfe8 26. b3 c5 27. dxc5 Bxc5 28. Bb2 Qd3 29. Qxd3 Rxd3 30. b4 Ba7 31. Rae1 Kf7 32. Nf3 Nd7 33. Kf1 b5 34. axb5 axb5 35. Re4 Rd5 36. Nd4 Bxd4 37. cxd4 Nb6 38. Re5 Kf6 39. R1e2 Re7 40. Bc1 Nc4 41. Rxd5 exd5 42. Rxe7 Kxe7 43. Ke2 Kf6 44. h4 Kf5 45. hxg5 hxg5 46. f3 Nd6 47. Bd2 Kg6 48. Be1 Nf5 49. Bf2 Kh5 50. Kd3 g4 51. fxg4+ 0-1

[Event "Cuiaba Contaud op"]
[Site "Cuiaba"]
[Date "2024.11.22"]
[Round "2"]
[White "Ferreira e Silva, Afranio Marcio"]
[Black "Azevedo, Vinicius Aarestrup"]
[Result "0-1"]
[WhiteElo "1594"]
[BlackElo "1800"]
[PlyCount "69"]
[EventDate "2024.11.22"]
[EventType "swiss"]
[EventRounds "6"]
[EventCountry "BRA"]
[SourceTitle "CB49_2024"]
[SourceDate "2024.12.04"]
[SourceVersion "1"]
[SourceVersionDate "2024.12.04"]
[SourceQuality "1"]

1. e4 c5 2. Nf3 d6 3. g3 Bg4 4. h3 Bxf3 5. Qxf3 Nf6 6. g4 e6 7. e5 dxe5 8. Qxb7 Nbd7 9. Bb5 Be7 10. g5 Rb8 11. Bxd7+ Nxd7 12. Qxa7 Bxg5 13. Nc3 0-0 14. Ne4 Be7 15. d3 Qc8 16. Rg1 Ra8 17. Bh6 g6 18. Bxf8 Bxf8 19. Qxd7 Qxd7 20. Nf6+ Kh8 21. Nxd7 Bd6 22. a4 Kg7 23. a5 Bc7 24. a6 f6 25. Nxc5 Bb6 26. Nxe6+ Kf7 27. Ng5+ fxg5 28. Rxg5 Kf6 29. Rg3 Kf5 30. Ke2 e4 31. dxe4+ Kxe4 32. Rb3 Bc5 33. Rb5 Ba7 34. Ra4+ Bd4 35. f3+ 0-1